|
|
|
|
| LEADER |
00000nam a2200000 a 4500 |
| 001 |
vtls001441982 |
| 003 |
SK-MaSNL |
| 005 |
20260302061529.0 |
| 008 |
240315s2001 xo 0 slo |
| 015 |
|
|
|a SNBJ2002/04-01994
|
| 035 |
|
|
|a SNK000397188
|
| 040 |
|
|
|a SNK
|b slo
|c SNK
|e AACR2
|
| 044 |
|
|
|a xo
|c SK
|
| 080 |
|
|
|a 885.4-3(086.7)
|2 1981
|
| 100 |
1 |
|
|a Slovák, Nikita,
|d 1965-
|4 aut
|9 155364
|
| 245 |
1 |
|
|a Návšteva ufóna
|h zvukový dokument
|c Nikita Slovák
|
| 260 |
|
|
|a Bratislava
|b WV vydavateľstvo Štefana Wimmera
|c 2001
|
| 300 |
|
|
|a 1 kompaktná platňa (37 min. 36 sek.)
|b stereo
|
| 505 |
0 |
|
|a Obsahuje 6 scénok
|
| 511 |
|
|
|a Účinkujú Štefan Skrúcaný, Rasťo Piško, Miro Noga
|
| 650 |
0 |
7 |
|a scénky humorné
|x platne kompaktné
|2 SNK
|9 293557
|
| 655 |
|
7 |
|a kompaktné platne
|2 SNK
|9 70690
|
| 700 |
1 |
|
|a Skrúcaný, Štefan,
|d 1960-
|4 aut
|9 107672
|
| 700 |
1 |
|
|a Piško, Rasťo,
|d 1962-
|4 uci
|9 14267
|
| 700 |
1 |
|
|a Noga, Miroslav,
|d 1959-
|4 uci
|
| 999 |
|
|
|c 1125775
|d 1127705
|
| 952 |
|
|
|t P60, <03>, [BOOK], {603}
|a SNK
|b SNK
|y PREZ
|7 0
|p 17A0357733
|o snkSCD 1368
|i snkJK 642/2002
|0 0
|1 0
|4 0
|d 2002-10-07
|l 0
|r 2005-01-02 00:00:00
|w 2026-02-24
|